La infanta mendocina
Αποθηκεύτηκε σε:
| Κύριος συγγραφέας: | |
|---|---|
| Μορφή: | Βιβλίο |
| Γλώσσα: | Undetermined |
| Έκδοση: |
Buenos Aires, Argentina
Editorial Atlántida
1944
|
| Θέματα: | |
| Ετικέτες: |
Προσθήκη ετικέτας
Δεν υπάρχουν, Καταχωρήστε ετικέτα πρώτοι!
|
MARC
| LEADER | 00000nam a2200000Ia 4500 | ||
|---|---|---|---|
| 008 | 170316s9999 xx 000 0 und d | ||
| 040 | |a cru BVZT | ||
| 090 | |a 860 C-11i | ||
| 100 | |a Capdevilla, Arturo | ||
| 245 | |a La infanta mendocina | ||
| 260 | |a Buenos Aires, Argentina | ||
| 260 | |b Editorial Atlántida | ||
| 260 | |c 1944 | ||
| 300 | |a 180 páginas | ||
| 650 | |a LITERATURA LATINOAMERICANA | ||
| 999 | |c 8476 |d 8476 | ||
| 942 | |c 15 D |h 860 C-11i |2 z | ||
